000 00705nam a2200181Ia 4500
008 100921s9999 xx 000 0 und d
082 _b24254
_a891.463 थ 92
100 _aजोगळेकर योगिनी.
245 _aकुणी कुणाचे नाही.
260 _bराजेंद्र प्रकाशन, पुणे.
_c1992
300 _a207
_bमॅजेस्टीक प्रकाशन,पुणे.
365 _b75
520 _aललित-कादंबरी.
630 _aकुणी कुणाचे नाही.
650 _aललित-कादंबरी.
730 _aकुणी कुणाचे नाही.
942 _cBOOK
999 _c773367
_d773364